<?xml version="1.0" encoding="UTF-8"?>
<record
    xmlns:xsi="http://www.w3.org/2001/XMLSchema-instance"
    xsi:schemaLocation="http://www.loc.gov/MARC21/slim http://www.loc.gov/standards/marcxml/schema/MARC21slim.xsd"
    xmlns="http://www.loc.gov/MARC21/slim">

  <leader>02055agaaa2200337   4500</leader>
  <controlfield tag="001">9206</controlfield>
  <controlfield tag="003">IT-RoPAU</controlfield>
  <controlfield tag="005">20220918181224.0</controlfield>
  <controlfield tag="007">d cvaizq</controlfield>
  <controlfield tag="008">50131s9999||||xx ||| |     ||   ||und||</controlfield>
  <datafield tag="040" ind1=" " ind2=" ">
    <subfield code="a">IT-RoPAU</subfield>
    <subfield code="c">IT-RoPAU</subfield>
  </datafield>
  <datafield tag="041" ind1=" " ind2=" ">
    <subfield code="a">ITALIANO</subfield>
  </datafield>
  <datafield tag="100" ind1=" " ind2=" ">
    <subfield code="a">Tarkovskij Andrej</subfield>
    <subfield code="g">Codice regista SPICS: 1652</subfield>
    <subfield code="9">37155</subfield>
  </datafield>
  <datafield tag="130" ind1=" " ind2=" ">
    <subfield code="a">SACRIFICIO</subfield>
    <subfield code="9">37156</subfield>
  </datafield>
  <datafield tag="240" ind1=" " ind2=" ">
    <subfield code="a">OFFRET</subfield>
    <subfield code="g">T1086</subfield>
  </datafield>
  <datafield tag="245" ind1=" " ind2=" ">
    <subfield code="a">SACRIFICIO</subfield>
    <subfield code="c">Sceneggiatura: Tarkovskij Andrej -- Diretto da: Tarkovskij Andrej</subfield>
    <subfield code="p">SACRIFICIO (Rif. Codice opera principale : 79206)</subfield>
  </datafield>
  <datafield tag="246" ind1=" " ind2=" ">
    <subfield code="a">OFFRET</subfield>
  </datafield>
  <datafield tag="250" ind1=" " ind2=" ">
    <subfield code="a">Edizione Standard</subfield>
  </datafield>
  <datafield tag="260" ind1=" " ind2=" ">
    <subfield code="a">STOCCOLMA (SVEZIA)</subfield>
    <subfield code="b">SVENSKA FILMINSTITUTET / </subfield>
    <subfield code="g">"1986 (1&#xB0; ed.: 1989 ; Ed. Lingua Orig.: 1986)"</subfield>
  </datafield>
  <datafield tag="300" ind1=" " ind2=" ">
    <subfield code="a">VHS</subfield>
    <subfield code="b">sonoro, col.</subfield>
    <subfield code="c">147 minuti</subfield>
  </datafield>
  <datafield tag="508" ind1=" " ind2=" ">
    <subfield code="a">"Fotografia: Nykvist Sven; Montaggio: Tarkov. Leszczylowsk; Musica: Bach Johann Sebastian; Sceneggiatura: Tarkovskij Andrej; Scenografia: Asp Anna; "</subfield>
  </datafield>
  <datafield tag="511" ind1=" " ind2=" ">
    <subfield code="a">"Josephson Erland; Fleetwood Susan; Gisladottir Gudrun; S.; Edwall Allan"</subfield>
  </datafield>
  <datafield tag="520" ind1=" " ind2=" ">
    <subfield code="a">ALTRI-INTERPRETI: VALERIE-MAIRESSE SVEN-WOLLTER FILIPPA-FRANZEN TOMMY-KJELLQUIST PER-KALLMAN TOMMY-NORDAHL ALTRO-MUSICISTA: WATAZUMIDO-SHUSOMENTRE ALEXANDER UN ANZIANO EX ATTORE CIRCONDATO DA MOGLIE E DA FIGLI STA CELEBRANDO IL SUO COMPLEANNO LA TV ANNUNCIA CHE E' SCOPPIATA LA GUERRA ATOMICA L'UOMO CADE IN GINOCCHIO OFFRENDO TUTTI I SUOI BENI IN CAMBIO DELLA SALVEZZA DEI SUOI CARI IL GIORNO SEGUENTE DOPO AVER OFFERTO IL SUO AMORE AD UNA DELLE DOMESTICHE CONVINTO CHE QUESTO SERVIRA' A SCONGIURARE I PERICOLI SCOPRE CHE TUTTO E' TORNATO NORMALE FEDELE AL VOTO DA' FUOCO ALLORA ALLA CASAE VIENE PORTATO VIA IN AMBULANZA CREDUTO FOLLE</subfield>
  </datafield>
  <datafield tag="538" ind1=" " ind2=" ">
    <subfield code="a">PAL, STEREO</subfield>
  </datafield>
  <datafield tag="546" ind1=" " ind2=" ">
    <subfield code="a">ITALIANO</subfield>
  </datafield>
  <datafield tag="650" ind1=" " ind2=" ">
    <subfield code="a">DRAMMATICO</subfield>
    <subfield code="e">FILMS [VHS]</subfield>
    <subfield code="x">Codice MATERIA SPICS: 9960</subfield>
    <subfield code="9">34083</subfield>
  </datafield>
  <datafield tag="700" ind1=" " ind2=" ">
    <subfield code="a">Bach Johann Sebastian</subfield>
    <subfield code="e">(musica)</subfield>
    <subfield code="g">Codice Musica SPICS: 9695</subfield>
    <subfield code="9">37157</subfield>
  </datafield>
  <datafield tag="700" ind1=" " ind2=" ">
    <subfield code="a">Tarkovskij Andrej </subfield>
    <subfield code="e">(regista)</subfield>
    <subfield code="g">Codice regista SPICS: 1652</subfield>
    <subfield code="9">37158</subfield>
  </datafield>
  <datafield tag="700" ind1=" " ind2=" ">
    <subfield code="a">Tarkovskij Andrej </subfield>
    <subfield code="e">(soggetto)</subfield>
    <subfield code="g">Codice Soggetto SPICS: 1652</subfield>
    <subfield code="9">37159</subfield>
  </datafield>
  <datafield tag="942" ind1=" " ind2=" ">
    <subfield code="c">VH</subfield>
    <subfield code="2">ddc</subfield>
  </datafield>
  <datafield tag="999" ind1=" " ind2=" ">
    <subfield code="c">104692</subfield>
    <subfield code="d">104692</subfield>
  </datafield>
  <datafield tag="952" ind1=" " ind2=" ">
    <subfield code="0">0</subfield>
    <subfield code="1">0</subfield>
    <subfield code="4">0</subfield>
    <subfield code="6">79206_000000000000000</subfield>
    <subfield code="7">1</subfield>
    <subfield code="a">SPICS</subfield>
    <subfield code="b">SPICS</subfield>
    <subfield code="d">2015-01-31</subfield>
    <subfield code="l">0</subfield>
    <subfield code="o">79206</subfield>
    <subfield code="r">2015-01-31 00:00:00</subfield>
    <subfield code="w">2015-01-31</subfield>
    <subfield code="y">VH</subfield>
    <subfield code="z">Progr. Ins.: 2550 / N.Vol.:1 / Copie: 1 / Pag.:0 / Copia rara: n.d. / date import: 1.2.2015 / By Epidotti, Trombetti, Vaglietti</subfield>
  </datafield>
</record>
